FAO fisheries report; N639 Report of the third session of the advisory committee on fisheries research; held at Rome, 5-8 December 2000
Gespeichert in:
| 1. Verfasser: | |
|---|---|
| Format: | Buch |
| Sprache: | Undetermined |
| Veröffentlicht: |
Rome
FAO
2000
|
| Schlagworte: | |
| Tags: |
Tag hinzufügen
Keine Tags, Fügen Sie den ersten Tag hinzu!
|
| Thư viện lưu trữ: | Trung tâm Học liệu Trường Đại học Cần Thơ |
|---|
| LEADER | 00577nam a2200193Ia 4500 | ||
|---|---|---|---|
| 001 | CTU_43869 | ||
| 008 | 210402s9999 xx 000 0 und d | ||
| 082 | |a 639 | ||
| 082 | |b R245/N639 | ||
| 100 | |a FAO | ||
| 245 | 0 | |a FAO fisheries report; N639 | |
| 245 | 0 | |b Report of the third session of the advisory committee on fisheries research; held at Rome, 5-8 December 2000 | |
| 245 | 0 | |c FAO | |
| 260 | |a Rome | ||
| 260 | |b FAO | ||
| 260 | |c 2000 | ||
| 650 | |a fisheries | ||
| 904 | |i Nguyễn Quang Điền, 010911 | ||
| 980 | |a Trung tâm Học liệu Trường Đại học Cần Thơ | ||